Yalnız Olmuyor (Record no. 4143)

000 -LEADER
fixed length control field 00506nam a22001817a 4500
008 - FIXED-LENGTH DATA ELEMENTS--GENERAL INFORMATION
fixed length control field 200903b ||||| |||| 00| 1 eng d
020 ## - INTERNATIONAL STANDARD BOOK NUMBER
International Standard Book Number 9754704813
041 ## - LANGUAGE CODE
Language code of text/sound track or separate title Türkçe
050 ## - LIBRARY OF CONGRESS CALL NUMBER
Classification number PL248.K553
100 ## - MAIN ENTRY--PERSONAL NAME
9 (RLIN) 1242
Personal name Kıvanç, Ümit
245 ## - TITLE STATEMENT
Title Yalnız Olmuyor
250 ## - EDITION STATEMENT
Edition statement 1.Baskı
260 ## - PUBLICATION, DISTRIBUTION, ETC.
Place of publication, distribution, etc. İstanbul:
Name of publisher, distributor, etc. İletişim Yayınları,
Date of publication, distribution, etc. Nisan 1995
300 ## - PHYSICAL DESCRIPTION
Extent 221 Sayfa
500 ## - GENERAL NOTE
General note İletişim Yayınları ; 335
Çağdaş Türkçe Edebiyat ; 33
650 #0 - SUBJECT ADDED ENTRY--TOPICAL TERM
9 (RLIN) 145
Topical term or geographic name entry element Türk Edebiyatı
942 ## - ADDED ENTRY ELEMENTS (KOHA)
Source of classification or shelving scheme
Koha item type Books
Holdings
Withdrawn status Lost status Source of classification or shelving scheme Damaged status Not for loan Permanent Location Current Location Shelving location Date acquired Full call number Barcode Date last seen Price effective from Koha item type
        Ödünç verilemez İmren Ahmet Tüzün Kütüphanesi İmren Ahmet Tüzün Kütüphanesi İmren Tüzün 2020-09-03 PL248.K553 100100004467 2020-09-03 2020-09-03 Books

This software was implemented, installed and managed by Devinim Software Training Consulting .